Lizzo A-Z - Statistics

General Stats
  • This quiz has been taken 16 times
  • The average score is 4 of 18
Answer Stats
Hint Answer % Correct
A about damn time / ain't i
67%
G Grrrls / good as hell / go
67%
J juice / jerome / jang a lang
67%
S special / soulmate
67%
B break up twice / birthday girl / better in color / boys / betcha / bother me / B.G.S.W. / be still / batches & cookies / bloodlines / bus passes and happy meals
33%
C coldplay / cuz i love you / crybaby
17%
E everybody's gay / exactly how I feel / en love
17%
I i love you bitch / if you love me
17%
L like a girl / lingerie / lizzie borden / luv it
17%
# 2 be loved (am I ready) / 1 deep
0%
F faded
0%
H heaven help me / humanize / hot dish
0%
M my skin
0%
N naked
0%
P pants vs. dress / paris
0%
R ride
0%
T The sign / tempo / truth hurts / the fade / the realest / T-baby
0%
W water me / W.E.R.K. pt II. / Wat u mean
0%
No matching quizzes found
Score Distribution
Percent of People with Each Score
Percentile by Number Answered
Your Score History
You have not taken this quiz